Rychlost - pohybová vlastnost : kvalitativní charakteristika pohybové činnosti /

Hlavní autor: Vacula, Jindřich, 1925-
Jazyk: Čeština
Vydáno: Praha : Ústřední výbor Československého svazu tělesné výchovy, 1966
Edice: Metodický dopis (Československý svaz tělesné výchovy)
Témata:
Fyzický popis: 48 s. ; 4°
Knihy
Uloženo v:
LEADER 01205nam a22003132a 4500
001 001727034
003 CZ BrMZK
005 20200311131901.0
007 ta
008 200124s1966 xr er|||||||||||cze d
015 |a cnb000445709 
035 |a (OCoLC)42178825 
040 |a ABA001  |b cze  |c BOA001  |d ABD014  |d BOA001 
072 7 |a 613  |x Hygiena. Lidské zdraví  |2 Konspekt  |9 14 
080 |a 613.71/.73  |2 MRF 
100 1 |a Vacula, Jindřich,  |d 1925-  |7 jk01141059  |4 aut 
245 1 0 |a Rychlost - pohybová vlastnost :  |b kvalitativní charakteristika pohybové činnosti /  |c zprac. Jindřich Vacula 
260 |a Praha :  |b Ústřední výbor Československého svazu tělesné výchovy,  |c 1966 
300 |a 48 s. ;  |c 4° 
490 1 |a Metodický dopis ;  |v č. 4/11, 1966 
504 |a Obsahuje bibliografii 
650 0 7 |a pohybová aktivita  |7 ph124199  |2 czenas 
650 0 7 |a vytrvalostní schopnosti  |7 ph127292  |2 czenas 
650 0 7 |a rychlostní schopnosti  |7 ph628974  |2 czenas 
830 0 |a Metodický dopis (Československý svaz tělesné výchovy)  |0 s 
910 |a BOA001  |b X2-0579.308 
990 |a BK 
991 |b 202001 
996 6 |b 2618844959  |c X2-0579.308  |l MZK  |r Sklad / do 24 hodin  |n 0  |w 001778559  |u 000010  |a 1  |e BOA001  |j MZK50  |s P